00247nam a2200109 a 4500001000500000005001700005008004100022050002100063100001400084245001900098500002000117414020140414132146.0090218s19uu xx 00 eng d aKIT EbDr78 1991 aDr. Seuss aDr. Seuss ABC. aw/ casette tape